|
|
|
|
| LEADER |
00000nam0a2200000 4500 |
| 001 |
247200 |
| 005 |
20231101232258.0 |
| 035 |
|
|
|a (RuTPU)RU\TPU\book\268677
|
| 090 |
|
|
|a 247200
|
| 100 |
|
|
|a 20131218d1949 k y0rusy50 ca
|
| 101 |
0 |
|
|a rus
|
| 102 |
|
|
|a RU
|
| 105 |
|
|
|a ac z 001zb
|
| 200 |
1 |
|
|a Избранные труды
|f С. С. Наметкин
|
| 210 |
|
|
|a Москва
|a Ленинград
|c Изд-во АН СССР
|d 1949
|
| 215 |
|
|
|a 815 с.
|c портр.
|
| 320 |
|
|
|a Библиогр. в конце ст.
|
| 600 |
|
1 |
|a Наметкин
|b С. С.
|c российский химик-органик
|f 1876-1950
|g Сергей Семенович
|c академик АН СССР
|2 stltpush
|3 (RuTPU)RU\TPU\pers\9867
|
| 606 |
1 |
|
|a Химия
|2 stltpush
|3 (RuTPU)RU\TPU\subj\17362
|9 43035
|
| 610 |
1 |
|
|a жизнь
|
| 610 |
1 |
|
|a научная деятельность
|
| 610 |
1 |
|
|a персоналии
|
| 610 |
1 |
|
|a азотная кислота
|
| 610 |
1 |
|
|a реакции
|
| 610 |
1 |
|
|a камфора
|
| 610 |
1 |
|
|a терпены
|
| 610 |
1 |
|
|a исследования
|
| 610 |
1 |
|
|a изомеризация
|
| 610 |
1 |
|
|a стереохимия
|
| 610 |
1 |
|
|a горючие ископаемые
|
| 610 |
1 |
|
|a органическая химия
|
| 675 |
|
|
|a 54
|v 3
|
| 700 |
|
1 |
|a Наметкин
|b С. С.
|c российский химик-органик
|c академик АН СССР
|f 1876-1950
|g Сергей Семенович
|2 stltpush
|3 (RuTPU)RU\TPU\pers\9867
|9 2067
|
| 801 |
|
1 |
|a RU
|b 63413507
|c 20131218
|
| 801 |
|
2 |
|a RU
|b 63413507
|c 20131219
|g RCR
|
| 942 |
|
|
|c BK
|